000 00336nam a2200157Ia 4500
008 210210b1926 xxu||||| |||| 00| 0 eng d
041 _aeng
082 _a444/493
100 _aMERIMEE (P)
245 _aPages choisies
260 _aParis
_b-
_c1926
650 _aPages
650 _achoisies
690 _aFrench
906 _a006688
999 _c129678
_d129678